Marxist views on India in historical perspective / (Record no. 190890)

MARC details
000 -LEADER
fixed length control field 01297nam a2200349 a 4500
001 - CONTROL NUMBER
control field vtls000185062
003 - CONTROL NUMBER IDENTIFIER
control field NLI
005 - DATE AND TIME OF LATEST TRANSACTION
control field 20210602111300.0
008 - FIXED-LENGTH DATA ELEMENTS--GENERAL INFORMATION
fixed length control field 101125s1976 ii 000 0 eng
020 ## - INTERNATIONAL STANDARD BOOK NUMBER
Terms of availability Rs. 8.00
039 #9 - LEVEL OF BIBLIOGRAPHIC CONTROL AND CODING DETAIL [OBSOLETE]
-- 201011252221
-- VLOAD
040 ## - CATALOGING SOURCE
Original cataloging agency NLI
Language of cataloging eng
Transcribing agency Datasoft 1
Description conventions AACR2
041 0# - LANGUAGE CODE
Language code of text/sound track or separate title eng
044 ## - COUNTRY OF PUBLISHING/PRODUCING ENTITY CODE
MARC country code ii
082 04 - DEWEY DECIMAL CLASSIFICATION NUMBER
Classification number 335.40954
100 1# - MAIN ENTRY--PERSONAL NAME
Personal name Wielenga, Bastiaan,
Dates associated with a name 1936-
9 (RLIN) 359552
245 10 - TITLE STATEMENT
Title Marxist views on India in historical perspective /
Statement of responsibility, etc. by Bastiaan Wielenga
260 ## - PUBLICATION, DISTRIBUTION, ETC.
Place of publication, distribution, etc. Madras :
Name of publisher, distributor, etc. Published for the Christian Institute for the Study of Religion and Society, Bangalore, by the Christian Literature Society,
Date of publication, distribution, etc. 1976
300 ## - PHYSICAL DESCRIPTION
Extent xx, 155 p. ;
Dimensions 20 cm.
440 #0 - SERIES STATEMENT/ADDED ENTRY--TITLE
Title Studies on Indian Marxism series ;
Volume/sequential designation no. 2
9 (RLIN) 359553
500 ## - GENERAL NOTE
General note Library has 2 cops.
600 1# - SUBJECT ADDED ENTRY--PERSONAL NAME
Personal name Marx, Karl
Dates associated with a name 1818-
General subdivision Political and social views
9 (RLIN) 359554
650 #0 - SUBJECT ADDED ENTRY--TOPICAL TERM
Topical term or geographic name entry element Communism
Geographic subdivision India
9 (RLIN) 1080
887 ## - NON-MARC INFORMATION FIELD
Content of non-MARC field
901 ## - LOCAL DATA ELEMENT A, LDA (RLIN)
a DB31531
b 28.02.1977
901 ## - LOCAL DATA ELEMENT A, LDA (RLIN)
a DB31960
b 30.05.1977
9 c.2
902 ## - LOCAL DATA ELEMENT B, LDB (RLIN)
a E 335.40954 W 636
942 ## - ADDED ENTRY ELEMENTS (KOHA)
Source of classification or shelving scheme Dewey Decimal Classification
Koha item type Books
949 ## - LOCAL PROCESSING INFORMATION (OCLC)
-- VIRTUAITEM
-- 10000
-- 100
6 DBA000031531ENG
949 ## - LOCAL PROCESSING INFORMATION (OCLC)
-- VIRTUAITEM
-- 10000
-- 100
6 DBA000031960ENG
Holdings
Withdrawn status Lost status Damaged status Not for loan Collection code Home library Current library Shelving location Date acquired Total Checkouts Full call number Barcode Date last seen Price effective from Koha item type
        New English National Library of India National Library of India New English - Main Stack Division     E 335.40954 W 636 DBA000031531ENG 02/06/2021 02/06/2021 Books
        New English National Library of India National Library of India New English - Main Stack Division     E 335.40954 W 636 DBA000031960ENG 02/06/2021 02/06/2021 Books
                                                                           
web counter

Copyright ©2020 The National Library of India, Govt. of India ↔ Hosted by NVLI, MOC ↔ Technology and Design by National Library of India, Ministry of Culture, Govt. of India